000 00475nam a2200181Ia 4500
001 8677
005 20260306160627.0
008 260306t2005||||xx |||||||||||||| ||spa||
041 _aESP
082 _a371.3
_bA177
100 _aAssmann, Hugo
_eAUT
245 0 _aCuriosidad y placer de aprender:
_bel papel de la curiosidad en el aprendizaje creativo
260 _c2005
300 _a220 páginas :
_c21 cm.
650 _aGEN
654 _aCED
942 _cLIB
_dJUS
_fJUS
_2ddc
_n
999 _c8677
_d8677